La Comparación en las ciencias sociales /
में बचाया:
| मुख्य लेखक: | |
|---|---|
| अन्य लेखक: | , , |
| स्वरूप: | मूलपाठ |
| प्रकाशित: |
Madrid:
Alianza Editorial
|
| टैग: |
टैग जोड़ें
कोई टैग नहीं, इस रिकॉर्ड को टैग करने वाले पहले व्यक्ति बनें!
|
MARC
| LEADER | 00000 a a2200000 04500 | ||
|---|---|---|---|
| 001 | 32800 | ||
| 003 | |||
| 040 | |||
| 090 | |a 204000 | ||
| 100 | |a Sartori, Giovanni | ||
| 245 | |a La Comparación en las ciencias sociales / |c Giovanni Sartori | ||
| 260 | |a Madrid: |b Alianza Editorial | ||
| 300 | |a 177 p. | ||
| 500 | |a Título original: La comparazione nelle scienze sociali | ||
| 700 | |a | ||
| 700 | |a Morlino, Leonardo | ||
| 700 | |a | ||
| 700 | |a Russo, Juan | ||
| 700 | |a | ||
| 700 | |a Ruiz de Azúa, Miguel A. | ||
| 700 | |a | ||
| 999 | |c 17103 |d 17103 | ||
